000 01123cam a22003257a 4500
003 CHAP
005 20220817041746.0
008 971013s1948 us r 00010 eng d
010 _a23551
011 _a24523
035 _a28622
040 _cCHAP
082 0 4 _a631.82016
_bC4
100 0 0 _aChilean Nitrate Educational Bureau.
_922533
245 1 0 _aBibliography on the literature on sodium and iodine in relation to plant and animal nutrition
260 _aNew York :
_bChilean Nitrate Educational Bureau,
_c1948
300 _av
590 _aBATCH-UPD
_b10
_c20130110
_lUCH01
_h1546
590 _aBATCH-UPD
_b10
_c20130410
_lUCH01
_h0946
590 _aBATCH-UPD
_b10
_c20130914
_lUCH01
_h1845
590 _aCONVERSION
_b10
_c20130109
_lUCH01
_h1314
650 1 4 _aNutrición animal.
650 1 4 _aPlantas
_xNutrición.
_988874
650 1 4 _aSodio en plantas
_xBiblografía.
_9108265
650 1 4 _aYodo en plantas
_xBibliografía.
_9123149
901 _aBK
942 _cLIBRO
949 _a631.82016 C4
_bBC
_cBPA
_d-65926
_eBPA
_fv.1
_h27548
_i28622
_si
949 _a631.82016 C4
_bBC
_cBPA
_d-65927
_eBPA
_fv.1 c.2
_h21997
_i28622
_si
999 _c23551
_d23551